00765 a2200205 4500999001500000010001400015020002300029035001300052037001500065082000800080100002100088245014900109260004400258270005000302300002400352500001900376700002800395942002700423952010900450 c7657d7657 aENG-88119 a8186852557c200.00 aEN-71652 bDBAD / PUB14a6131 aGiuffre, Kenneth1 aThe care and feeding of your brain :bhow diet and environment affect what you think and feel /cby Kenneth Giuffre [and] Theresa Foy Digeronimo aChennaibEast West Books (Madras)cn.d. a571, P.H. Road, AminjikaraibChennaie600 029 a255 p.c21 cm (Pbk) aIncludes index1 aDigeronimo, Theresa Foy adplcEN2ddch613mGIU 001040718NFICaDBADbDBADeDBAD/PUBg200.00l0o613 GIUpEN-71652r2008-09-15 00:00:00t1v200.00yEN